Chanson française par premiers mots - Statistiques

Statistiques générales
  • Ce quiz a été pris 67 612 fois
  • Le résultat moyen est 10 sur 20
Statistiques - réponses
Paroles Titre % Correct
Je vous parle d'un temps que les moins de vingt ans... La Bohème
85%
Moi je n'étais rien et voilà qu'aujourd'hui... Je l'aime à mourir
81%
A m'asseoir sur un banc cinq minutes avec toi... Mistral gagnant
79%
Terre brûlée au vent des landes de pierre... Les lacs du Connemara
75%
C'est un fameux trois-mâts, fin comme un oiseau... Santiano
75%
Rue déserte, dernière cigarette, plus rien ne bouge... Les démons de minuit
68%
On s'était dit rendez-vous dans dix ans... Place des grands hommes
68%
Le vent souffle sur les plaines de la Bretagne armoricaine... La tribu de Dana
63%
C'est un endroit qui ressemble à la Louisiane... Le sud
52%
Quelque chose en toi ne tourne pas rond... Ça (C'est vraiment toi)
48%
Qu'on me donne l'obscurité puis la lumière... L'Envie
46%
J'ai compris tous les mots... Pour que tu m'aimes encore
46%
Comme un fou va jeter à la mer... Tous les cris les SOS
46%
Un beau jour ou peut-être une nuit... L'aigle noir
41%
Tu bosses toute ta vie pour payer ta pierre tombale... Antisocial
25%
Des yeux qui font baisser les miens... La vie en rose
25%
C'est comme une gaieté, comme un sourire... Ella, elle l'a
17%
Cendre de lune, petite bulle d'écume... Libertine
14%
Il y a ceux qui prendraient un avion... Mourir demain
14%
Un canard dans le café... Zen
11%
Aucun quiz correspondant
Distribution des résultats
% des personnes avec chaque résultat
Percentile par nombre de réponses
Votre historique - résultats
Vous n’avez pas pris ce quiz